• 首页
  • 本馆介绍
  • 公告通知
  • 最新文献
  • 馆藏检索
  • 电子资源
  • 读者导购
  • 参考咨询
  • 我的图书馆
  • 登录
  • 详细信息显示
  • 放入我的书架
  • 预约/预借图书
  • 作者相关作品
  • 分类相关作品
  • 丛书相关作品
  • 出版社相关作品

书目信息

  • 表格格式
  • 工作单格式
  • 卡片格式
题名:
回忆“七一五”爱国民主运动
    
 
作者: 陈惠丰 主编
分册:  
出版信息: 北京   中国文史出版社  2018
页数: 328页
开本: 24cm
丛书名: 文史资料百部经典文库
单 册:
中图分类: K266.05
科图分类:
主题词: 爱国主义--民主运动--云南--1948
电子资源:
ISBN: 978-7-5034-9588-5
000 01111oam2 2200265 450
001 012001005046
005 20141007102656.0
010    @a978-7-5034-9588-5@dCNY52.00
100    @a20180217d2018 em y0chiy50 ea
101 0  @achi
102    @aCN@b110000
105    @aa z 000yy
106    @ar
200 1  @a回忆“七一五”爱国民主运动@9hui yi“qi yi wu”ai guo min zhu yun dong
210    @a北京@c中国文史出版社@d2018
215    @a328页@c照片@d24cm
225 1  @a文史资料百部经典文库@f全国政协文史和学习委员会编
314    @a主编:陈惠丰
330    @a本书讲述1948年夏,昆明40多所大中学校,两万多名学生,响应中共中央纪念“五一”提出的“反对美帝国主义复制日本侵略势力复活”的号召,积极投入全国性的民主运动。这次运动从上海北平发动,继而在全国大众城市展开,在共产党领导下,昆明爱国血神关于反动派进行了英勇顽强的斗争。七一五这一天成为一个闪烁着爱国主义和革命英雄主义光芒的日子。
461  0 @12001 @a文史资料百部经典文库
606 0  @a爱国主义@x民主运动@y云南@z1948
690    @aK266.05@v5
701  0 @a陈惠丰@9chen hui feng@4主编
801  0 @aCN@b上海新华@c20180901
905    @b1172354-8@dK266.05@e62@f5
    
    回忆“七一五”爱国民主运动.-北京:中国文史出版社,2018
    328页:照片;24cm.-(文史资料百部经典文库/全国政协文史和学习委员会编)
    
    
    ISBN 978-7-5034-9588-5:CNY52.00
    本书讲述1948年夏,昆明40多所大中学校,两万多名学生,响应中共中央纪念“五一”提出的“反对美帝国主义复制日本侵略势力复活”的号召,积极投入全国性的民主运动。这次运动从上海北平发动,继而在全国大众城市展开,在共产党领导下,昆明爱国血神关于反动派进行了英勇顽强的斗争。七一五这一天成为一个闪烁着爱国主义和革命英雄主义光芒的日子。
●
相关链接 在E读中查询图书 在五车中查询图书 在当当中查询图书 在豆瓣中查询图书


正题名:回忆"七一五"爱国民主运动     索取号:K266.05/62         预约/预借

序号 登录号 条形码 馆藏地/架位号 状态 备注
1 1172354   211723544   第二样本阅览室/ [索取号:K266.05/62] 在馆    
2 1172355   211723553   密集书库-史法系/ [索取号:K266.05/62] 在馆    
3 1172356   211723562   第二借阅区/ [索取号:K266.05/62] 在馆    
4 1172357   211723571   第二借阅区/ [索取号:K266.05/62] 在馆    
5 1172358   211723580   第二借阅区/ [索取号:K266.05/62] 在馆    
唐山师范学院图书馆 欢迎您!
大连网信软件有限公司© 版权所有